000 00646 a2200253 4500
260 _aParis
630 _a33 - Economie. Economie politique
037 _b2, CIUF
650 _a3 - SCIENCES SOCIALES
100 _aMassabie-François, Martine
700 _aPoulain, Elisabeth
260 _bBréal
245 _aLexique du commerce international : les 2600 mots actuels et pratiques de l'import-export
300 _a240 p
650 _aCommerce international : vocabulaire
260 _c2002
300 _b21 cm
100 _lFr
037 _a07/081
037 _a07/086
020 _a2 84291 995 5
999 _c45612
_d45612